000 00212 a2200097 4500
001 18308
100 _aMalvino
245 _aTransistor circuit approximation
260 _a
_bMcGraw-Hill
_c
090 _c13601
_d13601
942 _aNUST-CAE
_cM
_c4005
999 _c253381
_d253381